| 000 | 00606nam a2200217Ia 4500 | ||
|---|---|---|---|
| 001 | 18982 | ||
| 003 | GE_BSU | ||
| 008 | 181216s||||||||xx |||||||||||||| ||und|| | ||
| 040 | _cGE_BSU | ||
| 245 | _aГеоморфология. №1.2016. | ||
| 245 | _cГл.ред.Чичагов В.П. | ||
| 250 | _aВыходит 4раза в год. | ||
| 260 | _aМосква. | ||
| 260 | _bНаука | ||
| 260 | _c2016 | ||
| 300 | _a112стр.24см. | ||
| 520 | _aросийская академия наук | ||
| 653 | _aГеоморфология. | ||
| 653 | _aპერიოდიკა | ||
| 942 | _cCR | ||
| 999 |
_c51979 _d51979 |
||